Normal view
MARC view
- Dunlop, J.K
Entry Personal Name
001 - CONTROL NUMBER
- control field: 49267
003 - CONTROL NUMBER IDENTIFIER
- control field: NUST
005 - DATE AND TIME OF LATEST TRANSACTION
- control field: 20210314134306.0
008 - FIXED-LENGTH DATA ELEMENTS
- fixed length control field: 210314|| aca||aabn | a|a d
040 ## - CATALOGING SOURCE
- Original cataloging agency: NUST
- Transcribing agency: NUST
100 ## - HEADING--PERSONAL NAME
- Personal name: Dunlop, J.K
670 ## - SOURCE DATA FOUND
- Source citation: Work cat.: (NUST): Dunlop, J.K., The problems and responsibilities of the territorial army/ , c1935
